Cancionero de Uppsala / (Record no. 39584)

MARC details
000 -LEADER
campo de control de longitud fija 01028nam a2200253 i 4500
001 - NÚMERO DE CONTROL
campo de control 39584
003 - IDENTIFICADOR DE NÚMERO DE CONTROL
campo de control ES-MaACL
005 - FECHA Y HORA DE LA ÚLTIMA TRANSACCIÓN
campo de control 20230906160033.0
007 - CAMPO FIJO DE DESCRIPCIÓN FÍSICA--INFORMACIÓN GENERAL
campo de control de longitud fija t|
008 - DATOS DE LONGITUD FIJA--INFORMACIÓN GENERAL
campo de control de longitud fija 030303s1944 mx |||| | spa d
130 0# - ENTRADA PRINCIPAL--TÍTULO UNIFORME
Título uniforme Cancionero de Uppsala.
9 (RLIN) 166709
245 10 - MENCIÓN DEL TÍTULO
Título Cancionero de Uppsala /
Mención de responsabilidad, etc. introducción, notas y comentarios de Rafael Mitjana ; transcripción musical con notación moderna de Jesús Bal y Gay ; con un estudio sobre "El villancico polifónico" de Isabel Pope.
250 ## - MENCION DE EDICION
Mención de edición 1ª ed. moderna completa.
260 ## - PUBLICACIÓN, DISTRIBUCIÓN, ETC.
Lugar de publicación, distribución, etc. México :
Nombre del editor, distribuidor, etc. El Colegio de México :
-- [Fondo de Cultura Económica],
Fecha de publicación, distribución, etc. 1944.
300 ## - DESCRIPCIÓN FÍSICA
Extensión 226 p. ;
Dimensiones 32 cm.
650 ## - PUNTO DE ACCESO ADICIONAL DE MATERIA--TÉRMINO DE MATERIA
Término de materia o nombre geográfico como elemento de entrada Villancicos-
Subdivisión geográfica España.
9 (RLIN) 173069
650 #4 - PUNTO DE ACCESO ADICIONAL DE MATERIA--TÉRMINO DE MATERIA
Término de materia o nombre geográfico como elemento de entrada Canciones españolas-
Subdivisión cronológica S.XVI-
Subdivisión general Historia y crítica.
9 (RLIN) 10724
650 #4 - PUNTO DE ACCESO ADICIONAL DE MATERIA--TÉRMINO DE MATERIA
Término de materia o nombre geográfico como elemento de entrada Poesía española-
Subdivisión cronológica S.XVI-XVII-
Subdivisión de forma Historia y crítica.
9 (RLIN) 16174
700 1# - ENTRADA AGREGADA--NOMBRE PERSONAL
Nombre de persona Mitjana, Rafael.
9 (RLIN) 81697
700 1# - ENTRADA AGREGADA--NOMBRE PERSONAL
Nombre de persona Pope, Isabel.
9 (RLIN) 93083
700 1# - ENTRADA AGREGADA--NOMBRE PERSONAL
Nombre de persona Bal y Gay, Jesús.
9 (RLIN) 24791
710 2# - ENTRADA AGREGADA--NOMBRE DE ENTIDAD CORPORATIVA
Nombre de entidad corporativa o nombre de jurisdicción como elemento de entrada Colegio de México.
9 (RLIN) 2911
852 ## - LOCALIZACIÓN
Ubicación ES-MaACL
Número de control de estantería D-7029
Holdings
Estatus retirado Estado de pérdida Estado de daño No para préstamo Biblioteca de origen Biblioteca actual Ubicación en estantería Fecha de adquisición Fuente de adquisición Total de préstamos Signatura topográfica completa Código de barras Visto por última vez Precio de reemplazo Tipo de ítem Koha
        Biblioteca del Ateneo de Madrid Biblioteca del Ateneo de Madrid Sala Valle Inclán 17/01/2008     D-7029 901041685 23/02/2023 23/02/2023 Libro impreso